| 000 | 00839nas a2200265 i 4500 | ||
|---|---|---|---|
| 001 | 173595 | ||
| 003 | ES-MaACL | ||
| 005 | 20250817021825.0 | ||
| 008 | 091211c1966 sp a| | ||pa d | ||
| 080 | _a618.1/.2 | ||
| 245 | 0 | 0 |
_aAnales de la I Clínica de Obstetricia y Ginecología / _cUniversidad de Barcelona, Facultad de Medicina ; director: E. Gil Vernet. |
| 260 |
_aBarcelona : _bFacultad de Medicina, _c1966- |
||
| 300 |
_a1 v. : _bil. ; _c24 cm. |
||
| 310 | _aAnual | ||
| 362 | 0 | _aT. 1 (1966)- | |
| 650 | 0 | 4 |
_aGinecología. _913119 |
| 650 | 7 |
_aObstetricia _2embne _915676 |
|
| 655 | 7 |
_2tgfbne _9226866 _aRevistas |
|
| 700 | 1 |
_aGil Vernet, Emilio, _d1905-1981 _956886 |
|
| 852 |
_aES-MaACL _jP-1269 |
||
| 866 | 0 | _o1966. | |
| 942 |
_2udc _cPERIODICA |
||
| 999 |
_c173595 _d173595 |
||